01015nam a2200229 a 4500003000400000005001700004008004100021020001800062040002500080110005900105245019400164260006200358300002600420490005500446504003000501700005800531830006200589942001300651952009200664956001200756999001700768OSt20201002060812.0181003s2007 000 spa d a9789589806715 aDO-SdBNPbsapcBNPHU1 aColombia. bMinisterio de la Proteccion Social.97661000aGuía de atención integral de salud ocupacional basada en la evidencia para hombro doloroso relacionado con factores de riesgo en el trabajo.cpresentación Ana María Cabrera Videla  aSanto Domingo :bPontificia Universidad Javeriana,c2007. a110 p. bil.c27 cm. 1 aGuia de Atencion Integral de Salud Ocupacional v1 aBibliografía : p. 93-981 aCabrera Videla, Ana María,epresentación 976609 0aGuia de Atencion Integral de Salud Ocupacional ; 1976614 2ddccLF1 00102ddc70aBNPHUbBNPHUd2020-09-10eCNSSl0p2020-0045r2020-09-10w2020-09-10yLF1 aLOPEREZ c47392d47392